Normal view
MARC view
- القانون الدوالي الانساني
Entry Topical Term
001 - CONTROL NUMBER
- control field: 64464
003 - CONTROL NUMBER IDENTIFIER
- control field: JO-AjAnu
005 - DATE AND TIME OF LATEST TRANSACTION
- control field: 20230606084525.0
008 - FIXED-LENGTH DATA ELEMENTS
- fixed length control field: 230606|| aca||aabn | a|a d
040 ## - CATALOGING SOURCE
- Original cataloging agency: JO-AjAnu
- Transcribing agency: JO-AjAnu
150 ## - HEADING--TOPICAL TERM
- Topical term or geographic name entry element: القانون الدوالي الانساني
670 ## - SOURCE DATA FOUND
- Source citation: Work cat.: (JO-AjAnu)32947: هنكرتس، جون-ماري، م. مشارك لويز دوزوالد-بك-بك, author 64463, القانون الدولي الانساني العرفي: القواعد، مج1